| 000 | 01422nam0a2200337 4500 | ||
|---|---|---|---|
| 001 | RU\NLR\BIBL_A\022347543 | ||
| 005 | 20260420015610.0 | ||
| 010 |
_a978-5-392-42102-2 _91000 |
||
| 021 |
_aRU _bКН-П-24-048992 _9КН-П-24-4868 |
||
| 035 | _a(NLR Aleph) 022347543 | ||
| 090 |
_a13666887 _c13666887 |
||
| 100 | _a20241009d2024 k y0rusy50 ca | ||
| 101 | 0 | _arus | |
| 102 | _aRU | ||
| 105 | _ay zj 000yy | ||
| 181 | 0 |
_ai _baxxe |
|
| 182 | 0 | _an | |
| 200 | 1 |
_aТеория права _eчеловекоцентристский подход _eнаучное, учебное, практико-ориентированное пособие _fВ. М. Шафиров |
|
| 203 |
_aТекст _bвизуальный _cнепосредственный |
||
| 210 |
_aМосква _cПроспект _d2024 |
||
| 215 |
_a464 с. _d22 |
||
| 300 | _aНа обороте тит. с. авт.: Шафиров В. М., д-р юрид. наук, проф., заслуж. работник высшей шкл. РФ | ||
| 320 | _aБиблиогр. в подстроч. примеч. | ||
| 606 | 1 |
_aПраво _xТеория _yРоссийская Федерация _92117249 _3RU\NLR\AUTH\661278917 |
|
| 686 | 1 | _aХ62 | |
| 686 | 1 | _aХ0 | |
| 700 | 1 |
_aШафиров _bВ. М. _gВладимир Моисеевич |
|
| 942 | _cBOOK | ||
| 980 | _aNB | ||